Britse Steden - Sudden Death - Statistieken

Algemene statistieken
  • Deze quiz is 62 keer genomen
  • De gemiddelde score is 8 van 24
Answers on the Grid
Answers color-coded by a green-red scale on the quiz's grid according to % correct below.
Aberdeen
Birmingham
Brisbane
Bristol
Cairns
Calgary
Cardiff
Chelmsford
Colchester
Cornwall
Coventry
Derby
Dublin
Edinburgh
Fredericton
Georgetown
Glasgow
Invercargill
Leeds
Leicester
Lethbridge
Liverpool
Londen
Manchester
Moncton
Norwich
Nottingham
Perth
Peterborough
Plymouth
Poughkeepsie
Puddingcastle
Salisbury
Sheffield
Southampton
Southwich
Stockholm
Swansea
Worcester
Yorkshire
 
Antwoordstatistieken
Antwoord % Correct
Birmingham
91%
Bristol
69%
Aberdeen
59%
Cardiff
56%
Liverpool
41%
Manchester
41%
Edinburgh
38%
Leeds
38%
Londen
38%
Sheffield
34%
Southampton
34%
Glasgow
31%
Leicester
31%
Nottingham
31%
Coventry
28%
Plymouth
28%
Colchester
25%
Norwich
25%
Derby
22%
Peterborough
19%
Swansea
19%
Worcester
19%
Chelmsford
13%
Salisbury
9%
Geen overeenkomende quizzen gevonden
Scoreverdeling
Procent van Mensen met Elke Score
Percentiel versus Aantal Correcte Antwoorden
Uw Scoregeschiedenis
U heeft deze quiz nog niet genomen